Reforma notarial y principios fundamentales de la persona individual y social / (Record no. 141171)

MARC details
000 -LEADER
campo de control de longitud fija 00519nam a2200157 i 4500
001 - NÚMERO DE CONTROL
campo de control 141171
003 - IDENTIFICADOR DE NÚMERO DE CONTROL
campo de control ES-MaACL
005 - FECHA Y HORA DE LA ÚLTIMA TRANSACCIÓN
campo de control 20230906200234.0
007 - CAMPO FIJO DE DESCRIPCIÓN FÍSICA--INFORMACIÓN GENERAL
campo de control de longitud fija t|
008 - DATOS DE LONGITUD FIJA--INFORMACIÓN GENERAL
campo de control de longitud fija 070919s1962 sp ||||1| spa d
100 1# - ENTRADA PRINCIPAL--NOMBRE DE PERSONA
Nombre de persona Vitoria Burgoa, Ursino.
9 (RLIN) 115521
245 10 - MENCIÓN DEL TÍTULO
Título Reforma notarial y principios fundamentales de la persona individual y social /
Mención de responsabilidad, etc. por Ursino Vitoria Burgoa.
260 ## - PUBLICACIÓN, DISTRIBUCIÓN, ETC.
Lugar de publicación, distribución, etc. [Burgos :
Nombre del editor, distribuidor, etc. s.n.],
Fecha de publicación, distribución, etc. 1962 (
Fabricante Hijos de Santiago Rodríguez)
300 ## - DESCRIPCIÓN FÍSICA
Extensión 79 p. ;
Dimensiones 24 cm.
852 ## - LOCALIZACIÓN
Ubicación ES-MaACL
Número de control de estantería C-21631
Sublocalización o colección R.50008
Holdings
Estatus retirado Estado de pérdida Estado de daño No para préstamo Biblioteca de origen Biblioteca actual Ubicación en estantería Fecha de adquisición Fuente de adquisición Total de préstamos Signatura topográfica completa Código de barras Visto por última vez Precio de reemplazo Tipo de ítem Koha
        Biblioteca del Ateneo de Madrid Biblioteca del Ateneo de Madrid Galería 17/01/2008     C-21631 1146893 23/02/2023 23/02/2023 Libro impreso